[Event "Stockholm op"]
[Site "Stockholm"]
[Date "1992.??.??"]
[Round "?"]
[White "Kling, Anders"]
[Black "Cramling, Pia"]
[Result "0-1"]
[WhiteElo "2245"]
[BlackElo "2530"]

1.e4 c5 2.Nf3 e6 3.d4 cxd4 4.Nxd4 Nc6 5.Nc3 Qc7 6.g3 a6 7.Bg2 d6 8.O-O Be7
9.Re1 Bd7 10.a4 Nf6 11.Bg5 O-O 12.Qd2 h6 13.Be3 Ng4 14.Rad1 Nxe3 15.Qxe3 Bf6
16.Nf3 Rfd8 17.h3 Rac8 18.Re2 Be8 19.Red2 Na5 20.e5 Nc4 21.Qe2 Nxe5 22.Ne4 Nxf3+
23.Qxf3 Be7 24.Rd4 d5 25.Nc3 Bf6 26.R4d3 Qa5 27.Ne2 Rxc2 28.Nf4 Qxa4 29.b3 Qb4
30.Nh5 Bb2 31.Bf1 Rdc8 32.Re3 Rc1 33.Kg2 Rxd1 34.Qxd1 Rc1 35.Qe2 Ba1 36.Nf4 Bb5
37.Nd3 Qa3 38.Qf3 Rb1 39.Qg4 Qxb3 40.Be2 Qa4 41.Qh5 Bf6  0-1

[Event "Rilton Cup"]
[Site "Stockholm"]
[Date "1992.??.??"]
[Round "1"]
[White "Balashov, Yuri S"]
[Black "Sanden, Stefan"]
[Result "1-0"]
[WhiteElo "2550"]
[BlackElo "2340"]

1.e4 c5 2.Ne2 Nc6 3.Nbc3 e6 4.d4 cxd4 5.Nxd4 d6 6.Be2 Be7 7.O-O Nf6 8.Be3 O-O
9.f4 Bd7 10.Nb3 a6 11.a4 b6 12.Bf3 Qc7 13.Qe2 Bc8 14.g4 Nd7 15.g5 Nc5 16.Bg2 Re8
17.Qf2 Bf8 18.Qh4 Nb4 19.Rac1 Bb7 20.Rf3 g6 21.Rh3 h6 22.gxh6 Kh7 23.Nd4 d5
24.Nf3 Be7 25.Ng5+ Bxg5 26.Qxg5 Qe7 27.Bd4 Qxg5 28.fxg5 Nxe4 29.Nxe4 dxe4
30.c3 e5 31.Bxb6 Nd3 32.Rf1 Re7 33.Re3 Nf4 34.Bc5 Rd7 35.Bxe4 Bxe4 36.Rxe4 Nh3+
37.Kg2 Nxg5 38.Rxe5 f5 39.Be3 Ne4 40.Re6 Rb8 41.Bc1 Nc5 42.Re2 Nxa4 43.h4 Nc5
44.Bg5 Ne4 45.Ra1 Rb6 46.Be3 Re6 47.Bf4 Rb6 48.Ra5 Rdb7 49.Bc1 Rd6 50.Bf4 Rdb6
51.Kf3 Rd7 52.Re5 Rbd6 53.Re8 Rd1 54.Kg2 Ra1 55.c4 Ra4 56.b3 Rb4 57.c5  1-0

[Event "Rilton Cup"]
[Site "Stockholm"]
[Date "1992.??.??"]
[Round "2"]
[White "Furhoff, Johan"]
[Black "Balashov, Yuri S"]
[Result "1/2-1/2"]
[WhiteElo "2250"]
[BlackElo "2550"]

1.e4 c5 2.Nf3 Nc6 3.d4 cxd4 4.Nxd4 e6 5.Nc3 d6 6.Be3 Nf6 7.Bc4 Be7 8.Qe2 a6
9.O-O-O Qc7 10.Bb3 Na5 11.g4 b5 12.g5 Nxb3+ 13.axb3 Nd7 14.Nf5 b4 15.Nxe7 bxc3
16.Nxc8 cxb2+ 17.Kxb2 Rxc8 18.Rd4 O-O 19.Rhd1 Nb6 20.Kb1 Rb8 21.Qxa6 Rfc8
22.Qd3 Nc4 23.Bc1 e5 24.Rd5 Qa7 25.Bb2 Nxb2 26.Kxb2 Ra8 27.Kc1 Qxf2 28.Rxd6 g6
29.Rd7 Qc5 30.Kd2 Qf2+ 31.Kc1 Qc5 32.Kd2 Qf2+  1/2-1/2

[Event "FRA-ch"]
[Site "Strasbourg"]
[Date "1992.??.??"]
[Round "5"]
[White "Apicella, Manuel"]
[Black "Cerisier, Philippe"]
[Result "1/2-1/2"]
[WhiteElo "2455"]
[BlackElo "2315"]

1.e4 c5 2.Nf3 e6 3.d4 cxd4 4.Nxd4 Nc6 5.Nc3 Qc7 6.Be2 a6 7.O-O Nf6 8.Be3 Bb4
9.Na4 Bd6 10.g3 b5 11.Nxc6 Qxc6 12.Nb6 Bb7 13.Nxa8 Qxe4 14.Bf3 Qxf3 15.Qxf3 Bxf3
16.Nb6 Ng4 17.a4 Ke7 18.axb5 axb5 19.c4 Nxe3 20.fxe3 Be2 21.Rfc1 Rb8 22.c5 Bxc5
23.Nd5+ Kd6 24.b4 Kxd5 25.Rxc5+ Kd6 26.Ra7 Bf3 27.Kf2 Bc6 28.g4 Rf8 29.Kg3 h6
30.h4 f6 31.Ra6 Rb8 32.Kf4 Ke7 33.Ra7 Kd6 34.Ra2 Rg8 35.Ra6 Rb8 36.e4 g5+
37.Ke3 e5 38.Rc1 Ke7 39.Rh1 Ke6 40.Ra2 Ra8 41.Rxa8 Bxa8 42.Ra1 Bc6 43.h5 Ke7
44.Ra6 Kf7 45.Rb6 Kg7 46.Rb8 Kf7 47.Rd8 Kg7 48.Rc8  1/2-1/2

[Event "Suhr op"]
[Site "Suhr"]
[Date "1992.??.??"]
[Round "2"]
[White "Martinidesz, Denes"]
[Black "Kaenel, Hansjuerg"]
[Result "1/2-1/2"]
[WhiteElo "2215"]
[BlackElo "2345"]

1.e4 c5 2.Nf3 e6 3.d4 cxd4 4.Nxd4 Nc6 5.Nc3 Qc7 6.Be2 a6 7.O-O Nf6 8.Kh1 Bb4
9.Nxc6 bxc6 10.Bd3 d5 11.Qe2 O-O 12.e5 Nd7 13.f4 c5 14.Qh5 f5 15.Nxd5 exd5
16.Bxf5 Rxf5 17.Qxf5 Nf8 18.Qd3 Bb7 19.c3 Ba5 20.Be3 Bb6 21.Rae1 Re8 22.b4 cxb4
23.cxb4 Bxe3 24.Qxe3 Qc4 25.Qb6 Ba8 26.a4 d4 27.Rf2 d3 28.Rd1 Ng6 29.Qe3 Be4
30.b5 axb5 31.axb5 Nh4 32.Re1 Ba8 33.b6 Nxg2 34.Rxg2 Qc2 35.Qg3 Bxg2+ 36.Qxg2 d2
37.Rg1 g6 38.Qd5+ Kf8 39.b7 Rb8 40.Qd6+ Kf7 41.Qd5+ Kg7 42.e6 Rd8 43.b8=Q Rxb8
44.Qe5+  1/2-1/2

[Event "POL-ch (Women)"]
[Site "Swieradow"]
[Date "1992.??.??"]
[Round "7"]
[White "Sadkiewicz, Joanna"]
[Black "Sikora Gizynska, Bozena"]
[Result "1-0"]
[WhiteElo "2185"]
[BlackElo "2225"]

1.e4 c5 2.Nf3 e6 3.d4 cxd4 4.Nxd4 Nc6 5.Nc3 Qc7 6.Be2 a6 7.O-O Nf6 8.Kh1 Nxd4
9.Qxd4 Bc5 10.Qd3 h5 11.f4 Ng4 12.Nd1 b5 13.a4 Bb7 14.axb5 axb5 15.Rxa8+ Bxa8
16.e5 b4 17.c3 bxc3 18.Qxc3 Qb6 19.Qh3 Nf2+ 20.Nxf2 Bxf2 21.Bf3 Bc6 22.Bxc6 Qxc6
23.Bd2 Qa6 24.Rc1 O-O 25.Qxh5 Qd3 26.Bc3 Qe3 27.Rf1 Ra8 28.Qd1 Qa7 29.Qf3 Bc5
30.f5 Bf8 31.fxe6 dxe6 32.Bd4 Qa6 33.Qxf7+ Kh7 34.Rf3 Qa1+ 35.Bg1  1-0

[Event "POL-ch (Women)"]
[Site "Swieradow"]
[Date "1992.??.??"]
[Round "12"]
[White "Dabrowska, Krystyna"]
[Black "Sikora Gizynska, Bozena"]
[Result "1-0"]
[WhiteElo "2220"]
[BlackElo "2225"]

1.e4 c5 2.Nf3 e6 3.d4 cxd4 4.Nxd4 Nc6 5.Nc3 Qc7 6.g3 a6 7.Bg2 d6 8.O-O Be7
9.Re1 Bd7 10.Nxc6 Bxc6 11.Qg4 h5 12.Qe2 b5 13.a3 h4 14.Bf4 hxg3 15.hxg3 Qb7
16.Rad1 e5 17.Bc1 Nf6 18.Nd5 Bxd5 19.exd5 Rc8 20.Rd3 Nd7 21.Rb3 Qc7 22.Rc3 Qb7
23.Rxc8+ Qxc8 24.Qg4 Bf6 25.Be4 Nb6 26.Qxc8+ Nxc8 27.Be3 Bd8 28.b3 Nb6 29.Rc1 g6
30.c4 bxc4 31.bxc4 Na4 32.Bc2 Nc5 33.Rb1 Bc7 34.Bxc5 dxc5 35.Rb7 Kd7 36.Ba4+ Kd6
37.Ra7 a5 38.Ra6+ Ke7 39.d6+ Bxd6 40.Rxa5 Rb8 41.Ra7+ Kf6 42.Bb5 Rc8 43.Ra6 Ke6
44.a4 Rc7 45.a5 e4 46.Kg2 Ke5 47.Bc6 f5 48.Bd5 Re7 49.Rc6 Ra7 50.a6 Rd7 51.Rc8 Ra7
52.Bb7 Kd4 53.Rd8 Ke5 54.g4 Be7 55.Re8 Ke6 56.Ra8 Rxa8 57.Bxa8  1-0

[Event "SWZ-chI op"]
[Site "?"]
[Date "1992.??.??"]
[Round "2"]
[White "Bosch, Jeroen"]
[Black "Horvath, Csaba"]
[Result "1/2-1/2"]
[WhiteElo "2255"]
[BlackElo "2515"]

1.e4 e6 2.Nf3 c5 3.d4 cxd4 4.Nxd4 Nc6 5.Nc3 Qc7 6.g3 a6 7.Bg2 Nf6 8.O-O Nxd4
9.Qxd4 Bc5 10.Bf4 d6 11.Qd2 h6 12.Rad1 e5 13.Be3 Ke7 14.Nd5+ Nxd5 15.exd5 Re8
16.f4 Kf8 17.f5 Bxe3+ 18.Qxe3 Qxc2 19.f6 Qc5 20.Qxc5 dxc5 21.Rc1 b6 22.b4 Bd7
23.bxc5 bxc5 24.Rxc5 Rac8 25.fxg7+ Kxg7 26.Rxc8 Rxc8 27.Re1 Kf6 28.Rf1+ Ke7
29.d6+ Kxd6 30.Rxf7 Rc1+ 31.Rf1 Rxf1+ 32.Bxf1 a5 33.Kf2 Kc5 34.Ke3 Kb4 35.Ke4 Be6
36.a4 Bb3 37.Bb5 Bc2+ 38.Ke3 h5 39.h3 Bf5 40.Be8 Bxh3 41.Bxh5 Kxa4 42.Bd1+ Kb4
43.Ke4 Be6 44.g4 a4 45.Bxa4  1/2-1/2

[Event "SWZ-chI op"]
[Site "?"]
[Date "1992.??.??"]
[Round "5"]
[White "Milosevic, Goran"]
[Black "Fogarasi, Tibor"]
[Result "1-0"]
[WhiteElo "2410"]
[BlackElo "2435"]

1.e4 c5 2.Nf3 Nc6 3.Nc3 e6 4.d4 cxd4 5.Nxd4 Qc7 6.g3 a6 7.Bg2 d6 8.O-O Be7
9.Re1 Na5 10.g4 Nf6 11.g5 Nd7 12.Qh5 g6 13.Qh6 Bf8 14.Qh3 Nb6 15.e5 dxe5
16.Nf3 Bg7 17.Ne4 Nd5 18.b3 O-O 19.c4 b5 20.Ba3 Rd8 21.Qh4 bxc4 22.Nf6+ Bxf6
23.gxf6 e4 24.Rxe4 Bb7 25.Re5 Qb6 26.b4 Qd6 27.Rae1 Nc6 28.b5 Qxa3 29.bxc6 Bxc6
30.Ng5 h5 31.Nxe6 fxe6 32.Qg5 Qd3 33.Be4 Nf4 34.f7+ Kg7 35.Qxf4 Bxe4 36.R5xe4 Ra7
37.Qe5+ Kh7 38.Rd4 Rxf7 39.Rxd3 cxd3 40.Qxe6 Rc7 41.Qb6 Rdd7 42.Qxa6 d2 43.Rd1 Rc3
44.Qe6 Rcd3 45.a4 R7d5 46.Kf1  1-0

[Event "Tashkent"]
[Site "Tashkent"]
[Date "1992.??.??"]
[Round "?"]
[White "Blodstein, Arkady"]
[Black "Saltaev, Mihail"]
[Result "1/2-1/2"]
[WhiteElo "2375"]
[BlackElo "2465"]

1.e4 c5 2.Nf3 e6 3.d4 cxd4 4.Nxd4 Nc6 5.Nc3 Qc7 6.Be3 Nf6 7.Qd2 a6 8.f3 b5
9.g4 h6 10.O-O-O Bb7 11.Nb3 Ne5 12.Qf2 Rc8 13.Bb6 Qb8 14.Ba7 Qc7 15.Bb6 Qb8
16.Ba7 Qc7  1/2-1/2

[Event "Tashkent"]
[Site "Tashkent"]
[Date "1992.??.??"]
[Round "?"]
[White "Zagrebelny, Sergey"]
[Black "Nenashev, Alexander"]
[Result "0-1"]
[WhiteElo "2440"]
[BlackElo "2510"]

1.e4 c5 2.Nf3 e6 3.d4 cxd4 4.Nxd4 Nc6 5.Nc3 Qc7 6.Be3 a6 7.Qd2 Nf6 8.f3 Ne5
9.O-O-O Bb4 10.Nb3 d5 11.Bd4 O-O 12.a3 Bd6 13.exd5 exd5 14.Qf2 b5 15.Bb6 Qb7
16.Na5 Qe7 17.Re1 Be6 18.f4 Neg4 19.Qd4 Ne4 20.Nxe4 dxe4 21.Rxe4 Nf6 22.Re1 Nd5
23.f5 Qg5+ 24.Kb1 Qxf5 25.Bd3 Qg5 26.h4 Qe7 27.Qe4 Nf6 28.Qf3 Rac8 29.Bd4 Nd5
30.Qe4 g6 31.h5 Nf4 32.hxg6 fxg6 33.g3 Nxd3 34.Qxe6+ Qxe6 35.Rxe6 Bc5  0-1

[Event "Teheran op"]
[Site "Teheran"]
[Date "1992.??.??"]
[Round "?"]
[White "Mamouri, Mehde"]
[Black "Sideif Sade, Fikret I"]
[Result "0-1"]
[WhiteElo "2205"]
[BlackElo "2445"]

1.e4 c5 2.Nf3 e6 3.d4 cxd4 4.Nxd4 Nc6 5.Nc3 Qc7 6.Be2 a6 7.Be3 Nf6 8.O-O Be7
9.f4 d6 10.a4 O-O 11.Nb3 b6 12.Bf3 Bb7 13.g4 Na5 14.g5 Nd7 15.Nxa5 bxa5 16.Bg2 Nb6
17.Qe1 Rfe8 18.Rd1 Rac8 19.Kh1 Bc6 20.Qh4 Nxa4 21.Rf3 Nxc3 22.Rh3 h6 23.bxc3 Qb7
24.Qg3 Bxe4 25.Rg1 Bxg2+ 26.Rxg2 g6 27.Rxh6 Bf8 28.Rh3 Bg7 29.f5 exf5 30.Qh4 Kf8
31.Rf3 Rxe3 32.Rxe3 f4  0-1

[Event "Tomo Zupan op"]
[Site "Tomo Zupan"]
[Date "1992.??.??"]
[Round "?"]
[White "Muri, Emil"]
[Black "Susnik, Matej"]
[Result "0-1"]
[WhiteElo "2150"]
[BlackElo "2255"]

1.e4 c5 2.Nf3 e6 3.d4 cxd4 4.Nxd4 Nc6 5.Nc3 Qc7 6.g3 a6 7.Bg2 Nf6 8.O-O Be7
9.Nb3 d6 10.f4 O-O 11.g4 b5 12.g5 Nd7 13.f5 b4 14.Ne2 exf5 15.exf5 Bb7 16.Ned4 Nxd4
17.Nxd4 Bxg2 18.Kxg2 Rfe8 19.Qf3 Ne5 20.Qd5 Qc5 21.Qxc5 dxc5 22.Nf3 Bf8 23.Nxe5 Rxe5
24.Bd2 Rd8 25.Rf2 Rdd5 26.Raf1 c4 27.b3 cxb3 28.cxb3 Bc5 29.h4 Bxf2 30.Rxf2 Rxf5
31.Rxf5 Rxf5 32.Bxb4 Rf4 33.Be1 Re4 34.Kf1 g6 35.b4 Kf8 36.Bf2 Ke8 37.a3 Kd7
38.Kg2 Kc6 39.Kf3 Rc4 40.Be1 Kb5 41.Ke3 Ka4 42.Kd3 Rg4 43.Ke3 Kxa3 44.Kd3 Rxb4
45.Bxb4+ Kxb4 46.Ke4 a5 47.Ke5 a4 48.Kf6 a3 49.Kxf7 a2 50.Kg7 a1=Q+ 51.Kxh7 Qb1  0-1

[Event "Tomo Zupan op"]
[Site "Tomo Zupan"]
[Date "1992.??.??"]
[Round "?"]
[White "Belec, I."]
[Black "Kosmac, Blaz"]
[Result "1-0"]
[WhiteElo "1850"]
[BlackElo "2000"]

1.e4 c5 2.Nf3 e6 3.d4 cxd4 4.Nxd4 Nc6 5.Nc3 Qc7 6.Be3 a6 7.Qd2 Nf6 8.Be2 Bb4
9.f3 d5 10.Bg5 e5 11.Nxc6 bxc6 12.Bxf6 d4 13.Bxg7 Qa5 14.O-O dxc3 15.bxc3 Bxc3
16.Qd6 Qb6+ 17.Kh1 Rg8 18.Rab1 Qd8 19.Qxc6+ Bd7 20.Qxc3 Rxg7 21.Qxe5+ Kf8
22.Rfd1  1-0

[Event "Valencia op"]
[Site "Valencia"]
[Date "1992.??.??"]
[Round "4"]
[White "Eslon, Jaan"]
[Black "Anguix Garrido, Juan Francisco"]
[Result "1/2-1/2"]
[WhiteElo "2420"]
[BlackElo "2300"]

1.e4 c5 2.Nc3 Nc6 3.Nge2 e6 4.d4 cxd4 5.Nxd4 Nf6 6.Nxc6 bxc6 7.e5 Nd5 8.Ne4 f5
9.exf6 Nxf6 10.Nd6+ Bxd6 11.Qxd6 Qb6 12.Bd3 Ba6 13.Bxa6 Qxa6 14.b3 Qa5+ 15.Bd2 Qd5
16.Bb4 Qxd6 17.Bxd6 Ne4 18.Be5 d5 19.c4 Kd7 20.O-O Rhg8 21.Rac1 g6 22.Rc2 Rgc8
23.Rfc1 Nd6 24.g4 Nf7 25.Bg3 a5 26.cxd5 exd5 27.Kg2 Nd6 28.Be5 a4 29.Rc3 axb3
30.axb3 Ne4 31.R3c2 Ra3  1/2-1/2

[Event "Morava-ch U20"]
[Site "Valtice"]
[Date "1992.??.??"]
[Round "7"]
[White "Majer, T."]
[Black "Moucka, P."]
[Result "1/2-1/2"]
[WhiteElo "2000"]
[BlackElo "1930"]

1.e4 c5 2.Nf3 Nc6 3.d4 cxd4 4.Nxd4 e6 5.Nc3 Qc7 6.Be3 a6 7.Be2 Nf6 8.Qd2 Bb4
9.Bf3 d6 10.a3 Bc5 11.Be2 O-O 12.O-O Bd7 13.Kh1 Nxd4 14.Bxd4 Bxd4 15.Qxd4 Bc6
16.f4 Rad8 17.Bd3 e5 18.Qe3 Rfe8 19.fxe5 Rxe5 20.Qf4 d5 21.exd5 Nxd5 22.Qh4 h6
23.Rae1 Rde8 24.Ne4 f5 25.Nd2 Rxe1 26.Rxe1 Rxe1+ 27.Qxe1 Nf4 28.Bf1 Qb6 29.Nc4 Qd4
30.Qd2 Qxd2 31.Nxd2  1/2-1/2

[Event "Viernheim"]
[Site "Viernheim"]
[Date "1992.??.??"]
[Round "11"]
[White "Vatter, Hans Joachim"]
[Black "Gross, Stefan"]
[Result "1/2-1/2"]
[WhiteElo "2300"]
[BlackElo "2370"]

1.e4 c5 2.Nf3 e6 3.d4 cxd4 4.Nxd4 Nc6 5.Nc3 Qc7 6.Be3 a6 7.Qd2 Nf6 8.a3 Be7
9.f3 d5 10.exd5 Nxd5 11.Nxd5 exd5 12.Be2 Bh4+ 13.g3 Bf6 14.O-O O-O 15.Nxc6 bxc6
16.c3 Be5 17.f4 Bd6 18.Bf3 a5 19.Rad1 Ba6 20.Rfe1 Bc4 21.Qf2 Rab8 22.Rd2 Rfe8
23.b4 axb4 24.axb4 Qe7 25.Rdd1 Qf6 26.Bd4 Qg6 27.Bg2 Qf5 28.Bf1 Bxf1 29.Qxf1 h5
30.Qa6 Qd7 31.Qd3 Qh3 32.Qf3 Qf5 33.Re2 Rxe2 34.Qxe2 h4 35.Rf1 hxg3 36.hxg3 Qh3
37.Qg2 Qg4 38.Qf3 Qxf3 39.Rxf3 Ra8 40.Rf2 f5 41.Re2 Kf7 42.Kf2 Ra3 43.Rb2 g6
44.Rb1 Ra2+  1/2-1/2

[Event "Voskresensk"]
[Site "Voskresensk"]
[Date "1992.??.??"]
[Round "?"]
[White "Chernosvitov, Alexander"]
[Black "Boguslawsky, Maxim"]
[Result "1/2-1/2"]
[WhiteElo "2405"]
[BlackElo "2420"]

1.e4 c5 2.Nf3 e6 3.d4 cxd4 4.Nxd4 Nc6 5.Nc3 Qc7 6.Be2 a6 7.Be3 Nf6 8.O-O Bb4
9.Na4 Be7 10.Nxc6 bxc6 11.Nb6 Rb8 12.Nxc8 Qxc8 13.b3 O-O  1/2-1/2

[Event "Walsall"]
[Site "Walsall"]
[Date "1992.??.??"]
[Round "6"]
[White "Emms, John M"]
[Black "Nunn, John DM"]
[Result "1-0"]
[WhiteElo "2455"]
[BlackElo "2595"]

1.e4 c5 2.Nf3 Nc6 3.Nc3 e6 4.d4 cxd4 5.Nxd4 Nf6 6.Nxc6 bxc6 7.e5 Nd5 8.Ne4 Qc7
9.f4 Qb6 10.c4 Bb4+ 11.Ke2 f5 12.Nf2 Ba6 13.Kf3 Ne7 14.Be3 Bc5 15.Bxc5 Qxc5
16.Qd6 Qb6 17.b3 c5 18.Rd1 Rd8 19.Nd3 Rc8 20.Nb2 Qb7+ 21.Kf2 Qe4 22.Be2 Nd5
23.Bh5+ g6 24.cxd5 gxh5 25.Qxa6 Qxf4+ 26.Ke1 Qxe5+ 27.Qe2 Qc3+ 28.Kf2 O-O
29.d6 f4 30.Rd3 Qg7 31.Rf1 Rf5 32.Kg1 Rcf8 33.Nc4 h4 34.h3 Rg5 35.Nd2 Re5
36.Qf2 Qg6 37.Rf3 Ref5 38.Qxh4 e5 39.Ne4 Kh8 40.Qe1  1-0

[Event "Warsaw op"]
[Site "Warsaw"]
[Date "1992.??.??"]
[Round "6"]
[White "Kaminski, Marcin"]
[Black "Fominyh, Alexander"]
[Result "1-0"]
[WhiteElo "2360"]
[BlackElo "2500"]

1.e4 c5 2.Nf3 Nc6 3.d4 cxd4 4.Nxd4 e6 5.Nc3 Qc7 6.Be2 a6 7.O-O Bc5 8.Nxc6 bxc6
9.Na4 Be7 10.c4 c5 11.f4 d6 12.Bf3 Rb8 13.Be3 Bd7 14.Rb1 Rb4 15.Nc3 Nf6 16.b3 Bc6
17.g4 h6 18.Bg2 Rb8 19.Qf3 Nd7 20.Qh3 Bf6 21.Ne2 Ke7 22.Qf3 g5 23.fxg5 hxg5
24.Ng3 Rbf8 25.Nh5 Bd4 26.Bxd4 cxd4 27.Rbd1 f6 28.Rxd4 Ne5 29.Qe2 Nxg4 30.Qxg4 Qb6
31.Rd1 e5 32.Bh3 Kf7 33.Nxf6 Rxh3 34.Qxh3 Kxf6 35.Qh6+  1-0

[Event "Warsaw op"]
[Site "Warsaw"]
[Date "1992.??.??"]
[Round "8"]
[White "Macieja, Bartlomiej"]
[Black "Delekta, Piotr"]
[Result "1/2-1/2"]
[WhiteElo "2300"]
[BlackElo "2265"]

1.e4 c5 2.Nf3 e6 3.d4 cxd4 4.Nxd4 Nc6 5.Nc3 a6 6.Nxc6 bxc6 7.Bd3 d5 8.O-O Bd6
9.f4 h5 10.Qf3 Nf6 11.Kh1 Bc5 12.Na4 Ba7 13.Be3 dxe4 14.Bxe4 Nxe4 15.Qxe4 Qd5
16.Qf3 Qxf3 17.Rxf3 Ke7 18.Rd1 Rd8 19.Rxd8 Kxd8 20.Bxa7 Rxa7 21.Rd3+ Rd7
22.Rxd7+ Kxd7 23.Nb6+ Kc7 24.Nxc8 Kxc8 25.Kg1 e5 26.fxe5 Kd7 27.Kf2 Ke6 28.Ke3 Kxe5
29.b4 g5 30.c4 f5 31.a4 f4+ 32.Kd3 g4 33.h4 f3 34.gxf3 gxf3 35.Ke3 f2 36.Kxf2 Kd4
37.b5 axb5 38.axb5 cxb5 39.cxb5 Kc5 40.Kf3 Kxb5 41.Kf4 Kc6 42.Kg5 Kd7 43.Kxh5 Ke8  1/2-1/2

[Event "Warsaw op"]
[Site "Warsaw"]
[Date "1992.??.??"]
[Round "9"]
[White "Delekta, Piotr"]
[Black "Fominyh, Alexander"]
[Result "0-1"]
[WhiteElo "2265"]
[BlackElo "2500"]

1.e4 c5 2.Nf3 Nc6 3.d4 cxd4 4.Nxd4 e6 5.Nc3 a6 6.Be2 Qc7 7.O-O Bc5 8.Nb3 Be7
9.a4 Nf6 10.f4 O-O 11.e5 Ne8 12.Be3 b6 13.Bf3 Bb7 14.Qe2 d6 15.Qf2 Bd8 16.Rfd1 Rc8
17.Qg3 g6 18.Rd2 dxe5 19.Rad1 Bf6 20.Ne4 Bg7 21.Rd7 Qb8 22.Bxb6 exf4 23.Qf2 Ba8
24.Bc5 Ne5 25.Bxf8 Bxf8 26.Nec5 Bxf3 27.gxf3 Nxd7 28.Nxd7 Qc7 29.Nxf8 Kxf8
30.Qd4 Kg8 31.a5 Qe7 32.c3 Qg5+ 33.Kh1 Qb5 34.Qd7 Qxb3 35.Rd4 Qb8 36.Rb4 Qc7
37.Qd3 Qe5 38.Rb7 Qd5 39.Qxa6 Qxf3+ 40.Kg1 Rd8  0-1

[Event "Warsaw op"]
[Site "Warsaw"]
[Date "1992.??.??"]
[Round "11"]
[White "Adamski, Andrzej"]
[Black "Marcinkowski, Kazimierz"]
[Result "1-0"]
[WhiteElo "2305"]
[BlackElo "2235"]

1.e4 c5 2.Nf3 Nc6 3.Nc3 e6 4.d4 cxd4 5.Nxd4 a6 6.Be3 Qc7 7.Be2 b5 8.f4 Bb7
9.Bf3 Nge7 10.Nb3 d6 11.Qd2 Nc8 12.Qf2 Be7 13.f5 O-O 14.Qg3 Bf6 15.O-O Qe7
16.Rad1 b4 17.Ne2 exf5 18.Nf4 Ne5 19.Nh5 Nxf3+ 20.gxf3 Bxb2 21.Nd4 g6 22.Nxf5 Qe5
23.Bf4 Qc5+ 24.Kh1 Kh8 25.Rg1 Be5 26.Nxd6 Bxd6 27.Rxd6 Qxh5 28.Be5+ Kg8 29.Rd7 Bc6
30.Rc7 f6 31.Bd4 Bb5 32.Qf4 Be2 33.Rg3 Qa5 34.Rh3  1-0

[Event "Sonnevanck"]
[Site "Wijk aan Zee"]
[Date "1992.??.??"]
[Round "3"]
[White "Kuijf, Marinus"]
[Black "Van Mil, Johannes A J"]
[Result "1-0"]
[WhiteElo "2420"]
[BlackElo "2450"]

1.e4 c5 2.Nf3 e6 3.d4 cxd4 4.Nxd4 Nc6 5.Nc3 a6 6.Be2 Nge7 7.O-O Nxd4 8.Qxd4 Nc6
9.Qd3 Qc7 10.Bg5 Bd6 11.Kh1 b5 12.Rad1 Be5 13.f4 f6 14.fxe5 fxg5 15.Bh5+ g6
16.Qf3 Qxe5 17.Bg4 Nd8 18.Nd5 h5 19.Bxe6 dxe6 20.Nf6+ Ke7 21.Qa3+  1-0

[Event "Hoogovens-B"]
[Site "Wijk aan Zee"]
[Date "1992.??.??"]
[Round "5"]
[White "Wolff, Patrick G"]
[Black "Van Mil, Johannes A J"]
[Result "1-0"]
[WhiteElo "2570"]
[BlackElo "2445"]

1.e4 c5 2.Nf3 e6 3.d4 cxd4 4.Nxd4 Nc6 5.Nc3 a6 6.Be2 Nge7 7.Bf4 Ng6 8.Bg3 Be7
9.O-O O-O 10.Nb3 d6 11.a4 Na5 12.Nxa5 Qxa5 13.Qd2 Rd8 14.Rfd1 Qc5 15.Ra3 h5
16.h3 h4 17.Bh2 b6 18.Rb3 Rb8 19.Kf1 Ne5 20.Bf4 Nc4 21.Bxc4 Qxc4+ 22.Kg1 Bd7
23.Ra1 Bc6 24.Bg5 f6 25.Be3 Bxe4 26.Nxe4 Qxe4 27.Rb4 Qf5 28.Rxh4 d5 29.c3 e5
30.Qe2 Bc5 31.Qxa6 d4 32.Qc4+ Kf8 33.cxd4 exd4 34.Bxd4 g5 35.Re4 Kg7 36.Rae1 Rxd4
37.Rxd4 Rd8 38.Rxd8 Qxf2+ 39.Kh2 Qxe1 40.Qg8+ Kh6 41.Qh8+ Kg6 42.Qe8+  1-0

[Event "Hoogovens-B"]
[Site "Wijk aan Zee"]
[Date "1992.??.??"]
[Round "9"]
[White "Ermenkov, Evgenij"]
[Black "Van Mil, Johannes A J"]
[Result "0-1"]
[WhiteElo "2505"]
[BlackElo "2445"]

1.e4 c5 2.Nf3 e6 3.d4 cxd4 4.Nxd4 Nc6 5.Nc3 a6 6.Be2 Nge7 7.f4 b5 8.O-O Bb7
9.Kh1 Nxd4 10.Qxd4 Nc6 11.Qf2 Be7 12.Be3 O-O 13.Rad1 Rc8 14.a4 b4 15.Nb1 Nb8
16.Bd3 d6 17.Nd2 Nd7 18.Nb3 Nf6 19.Bb6 Qe8 20.e5 dxe5 21.fxe5 Ng4 22.Qe2 Nxe5
23.Qxe5 Qc6 24.Rf3 Qxb6 25.a5 Qc6 26.Nd4 Qc5 27.Rh3 g6 28.Qf4 Qg5 29.Qf1 Qxa5
30.Bc4 Rcd8 31.Ra1 Qe5 32.c3 bxc3 33.bxc3 a5 34.Ra2 Bd5 35.Ra4 Rc8 36.Be2 Bb7
37.Nb3 Rxc3 38.Rxa5 Bd5 39.Rxc3 Qxc3 40.Ra7 Bg5 41.Na5 Be3 42.Ra6 Rc8 43.h3 Qc1
44.Kh2 Qxf1 45.Bxf1  0-1

[Event "Wisla BES op"]
[Site "Wisla"]
[Date "1992.??.??"]
[Round "2"]
[White "Kaminski, Marcin"]
[Black "Krzywicki, Dariusz"]
[Result "1-0"]
[WhiteElo "2360"]
[BlackElo "2275"]

1.e4 c5 2.Nf3 e6 3.d4 cxd4 4.Nxd4 Nc6 5.Nc3 Qc7 6.Be2 a6 7.O-O Nf6 8.Be3 Bb4
9.Na4 Be7 10.Nxc6 bxc6 11.Nb6 Rb8 12.Nxc8 Qxc8 13.e5 Nd5 14.Bc1 Bc5 15.Qd3 O-O
16.c4 Ne7 17.b3 f6 18.Bb2 fxe5 19.Bxe5 Rb7 20.Bd6 Bxd6 21.Qxd6 Nf5 22.Qa3 Nd4
23.Bd3 c5 24.Qxa6 Qc7 25.Qa3 Ra7 26.Qc1 Rfa8 27.Qb2 Qb6 28.Be4 Rb8 29.Rac1 d6
30.Kh1 Qd8 31.Qd2 Rf7 32.Qd3 Qh4 33.g3 Qh6 34.f4 g6 35.Rb1 Ra7 36.Qd2 Rb4
37.Rbe1 Rb6 38.Re3 Qg7 39.g4 Kh8 40.f5 exf5 41.gxf5 Qf6 42.Bd5 Rb8 43.Rfe1 Rf8
44.fxg6 Qf2 45.g7+ Kxg7 46.Rg3+  1-0

[Event "Ibercaja op"]
[Site "Zaragoza"]
[Date "1992.??.??"]
[Round "?"]
[White "Ulibin, Mikhail"]
[Black "Langeweg, Kick"]
[Result "1-0"]
[WhiteElo "2585"]
[BlackElo "2405"]

1.e4 c5 2.Nf3 e6 3.d4 cxd4 4.Nxd4 Nc6 5.Nc3 Qc7 6.f4 a6 7.Nxc6 bxc6 8.e5 f5
9.Be2 Nh6 10.O-O Be7 11.Be3 O-O 12.Na4 c5 13.Bf3 Rb8 14.c4 d6 15.exd6 Bxd6
16.Qd2 Bd7 17.Rad1 Nf7 18.Nc3 Rfd8 19.b3 Be7 20.Qf2 Be8 21.g4 Bf6 22.Ne2 Rbc8
23.h3 Bc6 24.g5 Bxf3 25.Qxf3 Bb2 26.Qf2 Ba3 27.h4 Rd7 28.Rxd7 Qxd7 29.Nc3 Bb4
30.Na4 Qc6 31.Qg2 Nd6 32.Qxc6 Rxc6 33.Rd1 Ne4 34.Rd8+ Kf7 35.Rd7+ Kg6 36.Kg2 h6
37.Nb2 hxg5 38.hxg5 Bc3 39.Nd3 Kh5 40.Kf3 Kh4 41.Bc1 Kh5 42.Bb2 Bxb2 43.Nxb2 Rd6
44.Rxd6 Nxd6 45.Nd3 Nb7 46.Kg3 Kg6 47.Kh4 Kh7 48.Kh5 a5 49.a3 g6+ 50.Kh4 Kg7
51.Kg3 Kf7 52.Kf3 a4 53.bxa4 Na5 54.Ne5+  1-0

[Event "Zuerich op"]
[Site "Zuerich"]
[Date "1992.??.??"]
[Round "?"]
[White "Brendel, Oliver"]
[Black "Weindl, Alfred"]
[Result "1-0"]
[WhiteElo "2350"]
[BlackElo "2365"]

1.e4 c5 2.Nc3 e6 3.Nf3 Nc6 4.d4 cxd4 5.Nxd4 d6 6.Be3 Nf6 7.f3 Be7 8.Qd2 O-O
9.g4 Nxd4 10.Bxd4 d5 11.g5 Nd7 12.f4 e5 13.Bf2 exf4 14.Nxd5 Bxg5 15.Rg1 Ne5
16.Qc3 Ng4 17.Bd4 Bh4+ 18.Kd2 f6 19.Bc4 Kh8 20.Raf1 f3 21.Kc1 Bd7 22.Rxf3 Rc8
23.Qb3 Qe8 24.Bd3 Ne5 25.Bxe5 Qxe5 26.Kb1 Qxh2 27.Rff1 Qe5 28.Nf4 Bg5 29.Ng6+ hxg6
30.Rxg5 Qe6 31.Rd5 Qh3 32.Rxd7  1-0

[Event "Aarhus"]
[Site "Aarhus"]
[Date "1993.??.??"]
[Round "4"]
[White "Hector, Jonny"]
[Black "Mortensen, Erling"]
[Result "1-0"]
[WhiteElo "2470"]
[BlackElo "2445"]

1.e4 c5 2.Nc3 Nc6 3.Nf3 e6 4.d4 cxd4 5.Nxd4 Qc7 6.f4 a6 7.Nf3 Bc5 8.e5 f5
9.Bd3 b5 10.Qe2 Nd4 11.Nxd4 Bxd4 12.Nd1 Bb7 13.Be3 Qc5 14.a4 b4 15.Bxd4 Qxd4
16.Qe3 Qxe3+ 17.Nxe3 Nh6 18.Rg1 Ke7 19.g4 fxg4 20.Nxg4 Nf7 21.h4 Rad8 22.a5 Rb8
23.h5 g5 24.hxg6 hxg6 25.Bxg6 Rbg8 26.Bxf7 Rxg4 27.Rxg4 Rh1+ 28.Ke2 Rxa1
29.Bh5 Rxa5 30.Rg8 d6 31.Rg7+ Kd8 32.Rxb7 dxe5 33.Rxb4 exf4 34.Bf3 e5 35.Kd3 Kd7
36.Ke4 Kd6 37.Rb6+ Kc5 38.Rb8 Kd6 39.Rd8+ Kc7 40.Rd5 Ra2 41.Rxe5 Rxb2 42.c4 Rc2
43.Kd4 Rd2+ 44.Kc5 a5 45.Re7+ Kd8 46.Ra7 Rd3 47.Bd5 f3 48.Kd6  1-0

[Event "Aegina op"]
[Site "Aegina"]
[Date "1993.??.??"]
[Round "6"]
[White "Ermenkov, Evgenij"]
[Black "Kalesis, Nikolaos"]
[Result "1-0"]
[WhiteElo "2505"]
[BlackElo "2310"]

1.e4 c5 2.Nc3 Nc6 3.Nge2 e6 4.d4 cxd4 5.Nxd4 Qc7 6.Be2 d6 7.O-O a6 8.f4 Nf6
9.Be3 Be7 10.Qe1 O-O 11.Qg3 Nxd4 12.Bxd4 b5 13.Kh1 Bb7 14.a3 Bc6 15.Rae1 Qb7
16.Bd3 b4 17.axb4 Qxb4 18.Ne2 Qb7 19.Nc3 Qb4 20.Ne2 Qb7 21.e5 Nh5 22.Qh3 g6
23.Ng3 dxe5 24.Bxe5 Nxg3+ 25.hxg3 Rac8 26.Re2 Bb5 27.g4 Bxd3 28.Qxd3 Rfd8
29.Qf3 Qxf3 30.Rxf3 f6 31.Bc3 Rc6 32.g3 Kf7 33.Kg2 Rd5 34.Rfe3 a5 35.Re4 h5
36.gxh5 Rxh5 37.Ra4 Rb6 38.Ree4 Rd5 39.Rec4 g5 40.Rc7 Ke8 41.Kf3 gxf4 42.gxf4 Rbb5
43.Ra7 Bd8 44.Re4 Rd6 45.Re2 Rbd5 46.Rh2 Rd7 47.Rh8+ Kf7 48.Rh7+ Ke8 49.Rhxd7 Rxd7
50.Ra8 Kf7 51.Bxa5 Be7 52.Bb6 Kg6 53.Ke4 Rd2 54.Rc8 Re2+ 55.Be3 Bb4 56.Kd3 Rh2
57.Rc4 Be1 58.b4 Kf5 59.b5 Rh3 60.Ke2 e5 61.b6  1-0